Programa de acción 1979

Збережено в:
Бібліографічні деталі
Співавтор: Consejo Mundial de la Paz
Формат: Текст
Опубліковано: Helsinki: Centro de Información del CMP
Предмети:
PAZ
Теги: Додати тег
Немає тегів, Будьте першим, хто поставить тег для цього запису!

MARC

LEADER 00000 a a2200000 04500
001 15950
003
040
090 |a EXTRAVIADO  
110 |a Consejo Mundial de la Paz  
245 |a Programa de acción 1979  
260 |a Helsinki:   |b Centro de Información del CMP  
300 |a 44 p.  
650 |a PAZ  
999 |c 1060  |d 1060